000 02272nam0a2200529 4500
001 RU\NLR\bibl\1513551
005 20260406082631.0
010 _a978-5-87367-165-6
_bв пер.
_d500
_9500
021 _aRU
_b2010-27057
_91821
035 _a(nilc)RSL-KNO-004629333
035 _a(LIBNET)LIBNET\0000014972
035 _aLIBNET\0000014972
035 _a(NLR Aleph) 001504937
090 _a43780
_c43780
100 _a20100316d2009 |||y0rusy50 ca
101 0 _arus
102 _aRU
105 _aa zzzz|||||
200 1 _aФлот - моя судьба
_fИван Яновский
210 _aОмск
_c[б. и.]
_d2009
215 _a287 с.
_cил., портр., факс., цв. ил., портр
_d21
606 1 _aРечной флот
_yИртышский бассейн
_2nav
606 1 _aРечные пароходства
_yИртыш, река
_2nav
606 1 _aРечной транспорт
_xИстория
_yСибирь Западная
_92288400
_3RU\NLR\auth\661370642
610 0 _aЭкономика -- Российская Федерация -- Речной транспорт -- Предприятие речного транспорта -- Отдельные пароходства -- Иртышское речное пароходство
610 2 _aТранспорт речной
610 2 _aФлот речной
610 2 _aПароходство речное
610 2 _aИстория пароходства
610 2 _aИртыш (р.)
610 2 _aОмск (г.)
610 2 _aОмское предприятие
610 2 _aБиография флотоводца
686 _aУ9(2)374.510.109.2Иртышское
_2rubbk
686 _a39.487(2Рос53-Ом)д
_vLBC/RL
_2rubbk
686 _aУ37(2)45-03(2Р53)
700 1 _4070
_7ca
_8rus
_aЯновский
_bИ. И.
_cканд. техн. наук, водный транспорт
_f1932-
_gИван Иванович
_3RU\NLR\AUTH\770277349
_92649316
801 0 _aRU
_bОмская ГОНБ
_c20100316
_grcr
801 1 _aRU
_bОмская ГОНБ
_c20100316
801 1 _aRU
_bРГБ
_c20100316
801 2 _aRU
_bNLR
_c20100520
_grcr
830 _aпо кн
942 _cBOOK
980 _aNB
980 _aNBR